Crònica oficial /
Descripción Física:
7 vols. enquadernats ; periodicitat: mensual ; 29 cm
MARC
| LEADER | 00000nas a2200000 a 4500 | ||
|---|---|---|---|
| 001 | 9098, 9099, 9188, 13364-13367 | ||
| 003 | Arxiu | ||
| 005 | 20260410113029.0 | ||
| 008 | 160829s1920 - [1923] xx 000 0 cat d | ||
| 008 | 160829s9999 xx 000 0 cat d | ||
| 110 | 2 | |a Catalunya. |b Mancomunitat |9 53015 | |
| 245 | |a Crònica oficial / |c Mancomunitat de Catalunya | ||
| 260 | |a Barcelona : |b Impremta de la Casa de la Caritat ; |c 1920 - [1923] | ||
| 300 | |a 7 vols. enquadernats ; |b periodicitat: mensual ; |c 29 cm | ||
| 310 | |a Mensual | ||
| 362 | |a Any 1, núm. 1 (oct. 1920)- | ||
| 650 | |a Diaris oficials |x Catalunya |x Revistes |9 36753 | ||
| 655 | |a Revistes |9 55823 | ||
| 856 | 4 | |u https://media.diba.cat/diba/fitxers/arxiu/hemeroteca/cronicaoficial/90999/bib_90999_oct_1922_web.pdf |y Any 3, núm. 9 (setembre 1922) | |
| 856 | 4 | |u https://media.diba.cat/diba/fitxers/arxiu/hemeroteca/cronicaoficial/90999/bib_90999_nov_1922_web.pdf |y Any 3, núm. 10 (octubre 1922) | |
| 856 | 4 | |u https://media.diba.cat/diba/fitxers/arxiu/hemeroteca/cronicaoficial/90999/bib_90999_mar_1922_web.pdf |y Any 3, núm. 11 (novembre 1922) | |
| 856 | 4 | |u https://media.diba.cat/diba/fitxers/arxiu/hemeroteca/cronicaoficial/90999/bib_90999_mai_1922_web.pdf |y Any 3, núm. 3 (març 1922) | |
| 856 | 4 | |u https://media.diba.cat/diba/fitxers/arxiu/hemeroteca/cronicaoficial/90999/bib_90999_jun_1922_web.pdf |y Any 3, núm. 5 (maig 1922) | |
| 856 | 4 | |u https://media.diba.cat/diba/fitxers/arxiu/hemeroteca/cronicaoficial/90999/bib_90999_jul_1922_web.pdf |y Any 3, núm. 6 (juny 1922) | |
| 856 | 4 | |u https://media.diba.cat/diba/fitxers/arxiu/hemeroteca/cronicaoficial/90999/bib_90999_gen_1922_web.pdf |y Any 3, núm. 7 (juliol 1922) | |
| 856 | 4 | |u https://media.diba.cat/diba/fitxers/arxiu/hemeroteca/cronicaoficial/90999/bib_90999_feb_1922_web.pdf |y Any 3, núm. 1 (gener 1922) | |
| 856 | 4 | |u https://media.diba.cat/diba/fitxers/arxiu/hemeroteca/cronicaoficial/90999/bib_90999_des_1922_web.pdf |y Any 3, núm. 2 (febrer 1922) | |
| 856 | 4 | |u https://media.diba.cat/diba/fitxers/arxiu/hemeroteca/cronicaoficial/90999/bib_90999_ago_1922_web.pdf |y Any 3, núm. 12 (desembre 1922) | |
| 856 | 4 | |u https://media.diba.cat/diba/fitxers/arxiu/hemeroteca/cronicaoficial/90999/bib_90999_abr_1922_web.pdf |y Any 3, núm. 8 (agost 1922) | |
| 856 | 4 | |u https://media.diba.cat/diba/fitxers/arxiu/hemeroteca/cronicaoficial/90999/bib_90999_1922_web.pdf |y Any 3, núm. 4 (abril 1922) | |
| 856 | 4 | |u https://media.diba.cat/diba/fitxers/arxiu/hemeroteca/cronicaoficial/90998/bib_90998_set_1921_web.pdf |y Any 2, núm. 9 (setembre 1921) | |
| 856 | 4 | |u https://media.diba.cat/diba/fitxers/arxiu/hemeroteca/cronicaoficial/90998/bib_90998_oct_1921_web.pdf |y Any 2, núm. 10 (octubre 1921) | |
| 856 | 4 | |u https://media.diba.cat/diba/fitxers/arxiu/hemeroteca/cronicaoficial/90998/bib_90998_oct_1920_web.pdf |y Any 1, núm. 1 (octubre 1920) | |
| 856 | 4 | |u https://media.diba.cat/diba/fitxers/arxiu/hemeroteca/cronicaoficial/90998/bib_90998_nov_1921_web.pdf |y Any 2, núm. 11 (novembre 1921) | |
| 856 | 4 | |u https://media.diba.cat/diba/fitxers/arxiu/hemeroteca/cronicaoficial/90998/bib_90998_nov_1920_web.pdf |y Any 1, núm. 2 (novembre 1920) | |
| 856 | 4 | |u https://media.diba.cat/diba/fitxers/arxiu/hemeroteca/cronicaoficial/90998/bib_90998_mar_1921_web.pdf |y Any 2, núm. 3 (juny 1921) | |
| 856 | 4 | |u https://media.diba.cat/diba/fitxers/arxiu/hemeroteca/cronicaoficial/90998/bib_90998_mai_1921_web.pdf |y Any 2, núm. 5 (juny 1921) | |
| 856 | 4 | |u https://media.diba.cat/diba/fitxers/arxiu/hemeroteca/cronicaoficial/90998/bib_90998_jun_1921_web.pdf |y Any 2, núm. 6 (juny 1921) | |
| 856 | 4 | |u https://media.diba.cat/diba/fitxers/arxiu/hemeroteca/cronicaoficial/90998/bib_90998_jul_1921_web.pdf |y Any 2, núm. 7 (juliol 1921) | |
| 856 | 4 | |u https://media.diba.cat/diba/fitxers/arxiu/hemeroteca/cronicaoficial/90998/bib_90998_gen_1921_web.pdf |y Any 2, núm. 1 (gener 1921) | |
| 856 | 4 | |u https://media.diba.cat/diba/fitxers/arxiu/hemeroteca/cronicaoficial/90998/bib_90998_feb_1921_web.pdf |y Any 2, núm. 2 (febrer 1921) | |
| 856 | 4 | |u https://media.diba.cat/diba/fitxers/arxiu/hemeroteca/cronicaoficial/90998/bib_90998_des_1921_web.pdf |y Any 2, núm. 12 (desembre 1921) | |
| 856 | 4 | |u https://media.diba.cat/diba/fitxers/arxiu/hemeroteca/cronicaoficial/90998/bib_90998_des_1920_web.pdf |y Any 1, núm. 3 (desembre 1920) | |
| 856 | 4 | |u https://media.diba.cat/diba/fitxers/arxiu/hemeroteca/cronicaoficial/90998/bib_90998_ago_1921_web.pdf |y Any 2, núm. 8 (agost 1921) | |
| 856 | 4 | |u https://media.diba.cat/diba/fitxers/arxiu/hemeroteca/cronicaoficial/90998/bib_90998_abr_1921_web.pdf |y Any 2, núm. 4 (abril 1921) | |
| 856 | 4 | |u https://media.diba.cat/diba/fitxers/arxiu/hemeroteca/cronicaoficial/13367bib_13367_set_1923_web.pdf |y Any 4, núm. 9 (setembre 1923) | |
| 856 | 4 | |u https://media.diba.cat/diba/fitxers/arxiu/hemeroteca/cronicaoficial/13367bib_13367_oct_1923_web.pdf |y Any 4, núm. 10 (octubre 1923) | |
| 856 | 4 | |u https://media.diba.cat/diba/fitxers/arxiu/hemeroteca/cronicaoficial/13367bib_13367_nov_1923_web.pdf |y Any 4, núm. 11 (novembre 1923) | |
| 856 | 4 | |u https://media.diba.cat/diba/fitxers/arxiu/hemeroteca/cronicaoficial/13367bib_13367_mar_1923_web.pdf |y Any 4, núm. 3 (març 1923) | |
| 856 | 4 | |u https://media.diba.cat/diba/fitxers/arxiu/hemeroteca/cronicaoficial/13367bib_13367_mai_1923_web.pdf |y Any 4, núm. 5 (maig 1923) | |
| 856 | 4 | |u https://media.diba.cat/diba/fitxers/arxiu/hemeroteca/cronicaoficial/13367bib_13367_jun_1923_web.pdf |y Any 4, núm. 6 (juny 1923) | |
| 856 | 4 | |u https://media.diba.cat/diba/fitxers/arxiu/hemeroteca/cronicaoficial/13367bib_13367_jul_1923_web.pdf |y Any 4, núm. 7 (juliol 1923) | |
| 856 | 4 | |u https://media.diba.cat/diba/fitxers/arxiu/hemeroteca/cronicaoficial/13367bib_13367_gen_1923_web.pdf |y Any 4, núm. 1 (gener 1923) | |
| 856 | 4 | |u https://media.diba.cat/diba/fitxers/arxiu/hemeroteca/cronicaoficial/13367bib_13367_feb_1923_web.pdf |y Any 4, núm. 2 (febrer 1923) | |
| 856 | 4 | |u https://media.diba.cat/diba/fitxers/arxiu/hemeroteca/cronicaoficial/13367bib_13367_ago_1923_web.pdf |y Any 4, núm. 8 (agost 1923) | |
| 856 | 4 | |u https://media.diba.cat/diba/fitxers/arxiu/hemeroteca/cronicaoficial/13367bib_13367_abr_1923_web.pdf |y Any 4, núm. 4 (abril 1923) | |
| 866 | |a Any 1, núm. 1 (octubre 1920) - Any 4, núm. 11 (novembre 1923) | ||
| 901 | |a Arxiu | ||
| 942 | |n 1 |2 udc |c REV | ||
| 952 | |0 0 |1 0 |2 udc |4 0 |7 1 |9 47479 |a Arxiu |b Arxiu |d 2016-12-01 |h Any 1, núm. 1 (octubre 1920) - Any 2, núm. 12 (desembre 1921) |o Rev-213 |p 13364 |r 2016-12-01 00:00:00 |w 2016-12-01 |y ARXIU | ||
| 952 | |0 0 |1 0 |2 udc |4 0 |6 REV214 |7 1 |9 63450 |a Arxiu |b Arxiu |d 2022-08-16 |h Any 1, núm. 1 (octubre 1920) - Any 2, núm. 12 (desembre 1921) |l 0 |o Rev-214 |p 13365 |r 2022-08-16 00:00:00 |w 2022-08-16 |y ARXIU | ||
| 952 | |0 0 |1 0 |2 udc |4 0 |6 REV215 |7 1 |9 63451 |a Arxiu |b Arxiu |d 2022-08-16 |h Any 1, núm. 1 (octubre 1920) - Any 2, núm. 12 (desembre 1921) |l 0 |o Rev-215 |p 9098 |r 2022-08-16 00:00:00 |w 2022-08-16 |y ARXIU | ||
| 952 | |0 0 |1 0 |2 udc |4 0 |6 REV216 |7 1 |9 63452 |a Arxiu |b Arxiu |d 2022-08-16 |h Any 3, núm. 1 (gener 1922) - Any 3, núm. 12 (desembre 1922) |l 0 |o Rev-216 |p 9099 |r 2022-08-16 00:00:00 |w 2022-08-16 |y ARXIU | ||
| 952 | |0 0 |1 0 |2 udc |4 0 |6 REV217 |7 1 |9 63453 |a Arxiu |b Arxiu |d 2022-08-16 |h Any 3, núm. 1 (gener 1922) - Any 3, núm. 12 (desembre 1922) |l 0 |o Rev-217 |p 13366 |r 2022-08-16 00:00:00 |w 2022-08-16 |y ARXIU | ||
| 952 | |0 0 |1 0 |2 udc |4 0 |6 REV218 |7 1 |9 63454 |a Arxiu |b Arxiu |d 2022-08-16 |h Any 4, núm. 1 (gener 1923) - Any 4, núm. 8 (agost 1923) ; Any 4, núm. 10 (octubre 1923) - Any 4, núm. 11 (novembre 1923) |l 0 |o Rev-218 |p 9188 |r 2022-08-16 00:00:00 |w 2022-08-16 |y ARXIU | ||
| 952 | |0 0 |1 0 |2 udc |4 0 |6 REV219 |7 1 |9 63455 |a Arxiu |b Arxiu |d 2022-08-16 |h Any 4, núm. 1 (gener 1923) - Any 4, núm. 11 (novembre 1923) |l 0 |o Rev-219 |p 13367 |r 2022-08-16 00:00:00 |w 2022-08-16 |y ARXIU | ||
| 999 | |c 51278 |d 51278 | ||